| 000 | 00606nam a2200193Ia 4500 | ||
|---|---|---|---|
| 003 | GCL | ||
| 008 | 140319s9999 xx 000 0 ara d | ||
| 040 |
_aGCL / _cGCL |
||
| 082 | 0 | 4 |
_a157 _bح ص |
| 100 | 1 | _aحامد عبدالسلام زهران | |
| 245 | 1 | 0 |
_aالصحة النفسية والعلاج النفسى / _cحامد عبدالسلام زهران |
| 260 |
_a[S.N] : _bعالم الكتب الحديث ، _c1994 |
||
| 300 | _a567 ص | ||
| 490 | _a | ||
| 650 | 0 | 4 | _aالصحة النفسية |
| 650 | 0 | 4 | _aالعلاج النفسى |
| 650 | 0 | 4 | _aالصحة العقلية |
| 942 |
_2ddc _cBK |
||
| 999 |
_c31770 _d31770 |
||